| 000 | 00623nam a2200181 a 4500 | ||
|---|---|---|---|
| 005 | 20210223122030.0 | ||
| 008 | 991125s1988 mx 000 0 spa u | ||
| 020 | _a968291972X | ||
| 035 | _aUPN01000028263 | ||
| 049 | _aI | ||
| 050 | 4 |
_aPZ74.2 _bC3 |
|
| 100 | 1 |
_aCampos de la Torre, Julieta, _d1932-2007 _928638 |
|
| 245 | 1 | 0 |
_aHistoria de un niñito que era dueño de una islita que era dueña de un niñito / _cJulieta Campos ; [il.] Pablo Rulfo. |
| 260 |
_aMéxico : _bGobierno del Estado de Tabasco : _bSEP, _c1988. |
||
| 300 |
_a[44] p. : _bil. col. |
||
| 650 | 1 |
_aCUENTOS INFANTILES CUBANOS _911212 |
|
| 905 | _aInfantil | ||
| 999 |
_c28263 _d28263 |
||